Ultimate Border Challenge: 'D,' 'E,' 'F' Quiz Stats

 Plays Quiz Updated Jul 2, 2018

Support Sporcle.
Go Orange.
Score 0/50 Timer 04:00
5 Plays Today
% Correct
Germany
97.9%
Germany
97.9%
Sweden
94.5%
Russia
94%
Russia
94%
Spain
93.3%
Norway
92%
Sudan
91.3%
Sudan
91.3%
Sudan
91.3%
Belgium
91%
Latvia
90%
Libya
89.7%
Haiti
89%
Ethiopia
88.2%
Ethiopia
88.2%
Andorra
87.7%
Switzerland
87.3%
Eritrea
87.3%
Eritrea
87.3%
Peru
87.2%
Colombia
86.2%
Somalia
86.2%
Somalia
86.2%
South Africa
85.6%
% Correct
Italy
85.5%
Luxembourg
85.1%
South Sudan
83.3%
South Sudan
83.3%
Honduras
82.5%
Guatemala
81.3%
Kenya
80.6%
Djibouti
80.5%
Djibouti
80.5%
Monaco
79.3%
Republic of the Congo
78.9%
Israel
77.6%
Central African Rep.
77.2%
Uganda
75%
Rwanda
74.7%
Brazil
74.3%
Mozambique
74.2%
Cameroon
73.6%
Angola
72.8%
Tanzania
68.7%
Gabon
68.5%
Zambia
68.4%
Burundi
65.4%
Suriname
62.1%
Palestine
57.1%

You're not logged in!

Compare scores with friends on all Sporcle quizzes.
OR
Log In

From the Vault

First Novels

by CrazyCat

You have to start somewhere, so it might as well be with a classic novel.
Remove Ads.
Support Sporcle.
Get the best of Sporcle when you Go Orange. This ad-free experience offers more features, more stats, and more fun while also helping to support Sporcle. Thank you for becoming a member.

Show Comments

Extras

Top Quizzes Today


Score Distribution

Your Account Isn't Verified!

In order to create a playlist on Sporcle, you need to verify the email address you used during registration. Go to your Sporcle Settings to finish the process.

Report this User

Report this user for behavior that violates our Community Guidelines.

Details: